|
|
|
|
| LEADER |
00000nam0a2200000 4500 |
| 001 |
328333 |
| 005 |
20231102004041.0 |
| 035 |
|
|
|a (RuTPU)RU\TPU\book\354033
|
| 035 |
|
|
|a RU\TPU\book\354031
|
| 090 |
|
|
|a 328333
|
| 100 |
|
|
|a 20170215d1978 k y0rusy50 ca
|
| 101 |
0 |
|
|a rus
|
| 102 |
|
|
|a RU
|
| 105 |
|
|
|a a z 001zy
|
| 200 |
1 |
|
|a Технология и комплексная механизация добычи угля открытым способом
|e [сборник]
|f Академия наук СССР (АН СССР), Институт горного дела им. А. А. Скочинского (ИГД) ; отв. ред. Ю. Ф. Пономаренко
|
| 210 |
|
|
|a Москва
|c Изд-во ИГД
|d 1978
|
| 215 |
|
|
|a 93 с.
|c ил.
|
| 225 |
1 |
|
|a Научные сообщения ИГД им. А. А. Скочинского
|v Вып. 165
|
| 320 |
|
|
|a Библиогр. в конце ст.
|
| 606 |
1 |
|
|a Угледобыча открытая
|x Механизация комплексная
|2 stltpush
|3 (RuTPU)RU\TPU\subj\62358
|9 79438
|
| 610 |
1 |
|
|a оборудование
|
| 610 |
1 |
|
|a оборудование
|
| 610 |
1 |
|
|a выбор
|
| 610 |
1 |
|
|a технологии
|
| 610 |
1 |
|
|a взрывчатые вещества
|
| 610 |
1 |
|
|a подземные воды
|
| 610 |
1 |
|
|a проточность
|
| 610 |
1 |
|
|a горные выработки
|
| 610 |
1 |
|
|a устойчивость
|
| 610 |
1 |
|
|a моделирование
|
| 610 |
1 |
|
|a комбайны
|
| 675 |
|
|
|a 622.333:622.271
|v 4
|
| 702 |
|
1 |
|a Пономаренко
|b Ю. Ф.
|4 340
|
| 712 |
0 |
2 |
|a Академия наук СССР (АН СССР)
|b Институт горного дела им. А. А. Скочинского (ИГД)
|c (Люберцы)
|2 stltpush
|3 (RuTPU)RU\TPU\col\11351
|
| 801 |
|
1 |
|a RU
|b 63413507
|c 20150710
|
| 801 |
|
2 |
|a RU
|b 63413507
|c 20170216
|g RCR
|
| 942 |
|
|
|c BK
|